| 000 | 00603nam a2200193Ia 4500 | ||
|---|---|---|---|
| 008 | 191130s2003##################000#0#eng## | ||
| 020 | _a9780199241576 | ||
| 040 |
_aACL _cACL |
||
| 082 | _a780.1 DAV | ||
| 100 | _aDavies, Stephen | ||
| 245 |
_aThemes in the philosophy of music _cStephen Davies |
||
| 260 |
_aOxford _bOxford University Press _c2003 |
||
| 300 | _a283 p. : ill. ; 24 cm | ||
| 500 | _aIncludes bibliographical references (p. [265]-274) and index | ||
| 650 | _aMusic - Philosophy and aesthetics | ||
| 990 | _aa64c35cbac10000c2ec01b07d76b86ef | ||
| 991 | _a341061 | ||
| 999 |
_c298125 _d298125 |
||